• 首页
  • 本馆介绍
  • 公告通知
  • 最新文献
  • 馆藏检索
  • 电子资源
  • 读者导购
  • 参考咨询
  • 我的图书馆
  • 登录
  • 详细信息显示
  • 放入我的书架
  • 预约/预借图书
  • 作者相关作品
  • 分类相关作品
  • 丛书相关作品
  • 出版社相关作品

书目信息

  • 表格格式
  • 工作单格式
  • 卡片格式
题名:
资源科学论纲
    
 
作者: 封志明 王勤学 主编
分册:  
出版信息: 北京   地震出版社  1994.60
页数: 229页
开本: 24cm
丛书名:
单 册:
中图分类: P96
科图分类:
主题词: 自然地理学
电子资源:
ISBN: 7-5028-1151-6
000 00596nam0 2200181 450
001 202411141733739344
005 20241114105740.67
010    @a7-5028-1151-6@d¥6.80
100    @a20241114d km y0chiy0120 ea
101 0  @achi
200 1  @a资源科学论纲@AZi Yuan Ke Xue Lun Gang@f封志明 王勤学主编@FFeng Zhi Ming Wang Qin Xue Zhu Bian
210    @a北京@c地震出版社@d1994.60
215    @a229页@d24cm
606 0  @a自然地理学
690    @aP96@v4
701  0 @a封志明 王勤学@AFeng Zhi Ming Wang Qin Xue@4主编
801  0 @aCN@b大连网信软件有限公司图书馆·11@c20241114
905    @aZUCC@b1430334@dP96@e332@f1
    
    资源科学论纲/封志明 王勤学主编.-北京:地震出版社,1994.60
    229页;24cm
    
    
    ISBN 7-5028-1151-6:¥6.80
    
●
相关链接 在E读中查询图书 在五车中查询图书 在当当中查询图书 在豆瓣中查询图书


正题名:资源科学论纲     索取号:P96/332         预约/预借

序号 登录号 条形码 馆藏地/架位号 状态 备注
1 1430334   214303341   密集书库-资源管理系/ [索取号:P96/332] 在馆    
唐山师范学院图书馆 欢迎您!
大连网信软件有限公司© 版权所有